| 000 | 00632nam#a22002295a#4500 | ||
|---|---|---|---|
| 001 | 1600 | ||
| 008 | 101101s1970####ag#a###f######001#0#spa#d | ||
| 245 | 1 | 0 |
_aResumen del curso sobre mantenimiento práctico del tractor y uso correcto de implementos agrícolas / _cFAHR. |
| 250 | _a1ª ed. | ||
| 260 |
_aBuenos Aires : _bFAHR, _c[197?] |
||
| 300 |
_a20 p. : _bil. byn. ; _c28 cm. |
||
| 710 | 2 | _aFAHR. | |
| 080 | _a631.372 | ||
| 084 | _aT78 | ||
| 653 | _aTractores agrícolas | ||
| 653 | _aMotores | ||
| 653 | _aIngeniería agrícola | ||
| 040 |
_aAR-ClEAG _cAR-ClEAG |
||
| 005 | 20241107184715.0 | ||
| 003 | AR-ClEAG | ||
| 942 | _cBK | ||
| 999 |
_c1600 _d1600 |
||
| 980 |
_62 _aEvangelina Gallicchio _82 _gEvangelina Gallicchio |
||